1744 1311 1694 1717 1782 1594 1987 1027 1485 1738 1324 1171 1779 1820 1633 1200 1905 1602 1716 1730 1547 1756 1968 1567 1893 1445 1069 1378 1163 1879 1594 1172 1591 1097 1092 1805 1150 1173 1342 1571 1045 1453 1633 1963 1028 1592 1922 1120 1539 1819 1044 1272 1182 1312 1186 1761 1900 1345 1044 1328 1150 1696 1686 1583 1033 1857 1024 1272 1573 1732 1468 1991 1707 1901 1644 1825 1150 1866 1336 1060 1851 1448 1044 1081 1304 1377 1306 1141 1703 1764 1271 1141 1108 1257 1455 1816 1233 1180 1984 BCNSPRNW ULIB Ver.6.0+V

เปลี่ยนเป็นภาษาไทย

Change to English
 แสดงรายละเอียดบรรณานุกรม
  กลับหน้าหลัก

Brief Record : Get Marc (ISO 2709) : E-mail record : QR code < ปิดหน้าต่าง
LEADER : 00000nam 2200000uu 4500
001    13399108845
003     ULIB
008    110315s2552||||th 000 0 tha d
020    9789746434782
060 04 W225.JT3^bส691ค 2552
245 00 คู่มือหลักประกันสุขภาพแห่งชาติ ปีงบประมาณ 2552 /^cสำนักงานหลักประกันสุขภาพแห่งชาติ
246 30 คู่มือหลักประกันสุขภาพแห่งชาติ
250    พิมพ์ครั้งที่ 1
260    นนทบุรี :^bสำนักงาน,^c2552
300    261 หน้า ;^c21 ซม.
650  7 บริการสุขภาพ^vคู่มือ
650  7 ประกันสุขภาพ^vคู่มือ
653    หลักประกันสุขภาพแห่งชาติ
710 2  สำนักงานหลักประกันสุขภาพแห่งชาติ
945    ^p0^l0^i025232
945    ^p0^l0^i025233
945    ^p0^l0^i025231
995    ทศพร
999 ^a ใช้งานได้ทุกระบบ
รายการนี้ยังไม่มีแท็ก
คุณยังไม่ได้ล็อกอิน คุณสามารถมีกิจกรรมร่วมกับเว็บไซต์ได้ แต่ต้องล็อกอินก่อน ::
  ล็อกอิน

รายการสื่อสารสนเทศ

ลำดับที่ ประเภท เลขเรียก/บาร์โค้ด สถานที่ สถานะ
- ไม่พบข้อมูล -

BibComment


ยังไม่เคยถูกคอมเมนท์

คอมเมนท์ทรัพยากรรายการนี้
  คอมเมนท์: คู่มือหลักประกันส..


 Copyright 2026. Bcnsprnw @Library